Central Library OPAC University of Rajshahi

World economic development / (Record no. 2431)

MARC details
000 -LEADER
fixed length control field 00831nam a2200277 a 4500
001 - CONTROL NUMBER
control field 2431
003 - CONTROL NUMBER IDENTIFIER
rucl marc code BD-RjUL
005 - DATE AND TIME OF LATEST TRANSACTION
control field 20211208233541.0
008 - FIXED-LENGTH DATA ELEMENTS--GENERAL INFORMATION
fixed length control field 131211s1965 nyu 00100 eng d
035 ## - SYSTEM CONTROL NUMBER
System control number (BD-RjUL)2458
System control number (BD-RjUL)
040 ## - CATALOGING SOURCE
Original cataloging agency BD-RjUL
Language of cataloging eng
Transcribing agency BD-RjUL
Modifying agency BD-RjUL
041 ## - LANGUAGE CODE
Language code of text/sound track or separate title eng
082 04 - DEWEY DECIMAL CLASSIFICATION NUMBER
Classification number 338.91
Edition number 330.9
Author mark and year FRW 1965
100 1# - MAIN ENTRY--PERSONAL NAME
Personal name Fryer, Donald W.
Fuller form of name (Donald Wilfred),
Dates associated with a name 1920-
9 (RLIN) 7883
245 10 - TITLE STATEMENT
Title World economic development /
Statement of responsibility, etc. by D.W. Fryer.
260 ## - PUBLICATION, DISTRIBUTION, ETC. (IMPRINT)
Place of publication, distribution, etc. New York :
Name of publisher, distributor, etc. McGraw-Hill,
Date of publication, distribution, etc. c1965.
300 ## - PHYSICAL DESCRIPTION
Pagination xi, 627 p. :
Illustrations ill., maps. ;
Size 24 cm.
500 ## - GENERAL NOTE
General note Includes index.
504 ## - BIBLIOGRAPHY, ETC. NOTE
Bibliography, etc Chapter bibliographies.
650 #0 - SUBJECT ADDED ENTRY--TOPICAL TERM
Topical term or geographic name as entry element Economic history
Chronological subdivision 1945-1971.
9 (RLIN) 7885
Topical term or geographic name as entry element Economic development.
9 (RLIN) 7886
942 ## - ADDED ENTRY ELEMENTS (KOHA)
Source of classification or shelving scheme Dewey Decimal Classification
Koha item type Books
Holdings
Lost status Source of classification or shelving scheme Damaged status Not for loan Collection code Permanent Location Current Location Shelving location Date acquired Source of acquisition Cost, normal purchase price Total Checkouts Full call number Date last seen Copy number Koha item type
  Dewey Decimal Classification   Not For Loan Non-fiction Central Library, University of Rajshahi Central Library, University of Rajshahi Reading Room 03/04/1967 Mirza book centre 44.75   338.91 FRW 1965 11/12/2013 C-1 Books
  Dewey Decimal Classification     Non-fiction Central Library, University of Rajshahi Central Library, University of Rajshahi   18/04/1968 Thompson Ltd 42.75   338.91 FRW 1965 11/12/2013 C-4 Books
  Dewey Decimal Classification     Non-fiction Central Library, University of Rajshahi Central Library, University of Rajshahi   03/04/1967 Mirza book centre 44.75   338.91 FRW 1965 18/06/2016 C-2 Books
  Dewey Decimal Classification     Non-fiction Central Library, University of Rajshahi Central Library, University of Rajshahi   03/04/1967 Thompson Ltd 44.75   338.91 FRW 1965 18/06/2016 C-3 Books
  Dewey Decimal Classification     Non-fiction Central Library, University of Rajshahi Central Library, University of Rajshahi   03/04/1967 Mirza book centre 44.75   338.91 FRW 1965 18/06/2016 C-5 Books
  Dewey Decimal Classification     Non-fiction Central Library, University of Rajshahi Central Library, University of Rajshahi   31/07/1970 Zeetlinger 52.00   338.91 FRW 1965 26/07/2016 C-6 Books